[Event "Kolhapur Kulkarni Memorial"]
[Site "Kolhapur"]
[Date "2021.12.07"]
[Round "7"]
[White "Om, Nagnath Lamkane"]
[Black "Shinde, Kunal"]
[Result "1-0"]
[WhiteElo "1714"]
[BlackElo "1462"]
[PlyCount "63"]
[EventDate "2021.12.04"]
[EventType "swiss"]
[EventRounds "10"]
[EventCountry "IND"]
[SourceTitle "EXT 2023"]
[Source "ChessBase"]
[SourceDate "2022.10.05"]
[SourceVersion "1"]
[SourceVersionDate "2022.10.05"]
[SourceQuality "1"]

1. e4 c6 2. d4 d5 3. exd5 cxd5 4. Bd3 Nf6 5. c3 Nc6 6. Bf4 Bg4 7. Qb3 Qd7 8. Nd2 e6 9. Ngf3 a6 10. 0-0 Bxf3 11. Nxf3 g6 12. Rae1 Bg7 13. Qa3 Rd8 14. b4 0-0 15. b5 axb5 16. Bxb5 Ra8 17. Qb2 Ne4 18. Rb1 Ra5 19. Ne1 Rfa8 20. a4 Nd6 21. Nd3 Nxb5 22. axb5 Na7 23. Nc5 Qxb5 24. Qxb5 Rxb5 25. Ra1 b6 26. Nd7 Rb3 27. Rfc1 f6 28. Ra6 e5 29. Be3 Rb5 30. Rca1 Ra5 31. R6xa5 bxa5 32. Rxa5 1-0